|
|
|
|
| LEADER |
00000nam0a2200000 4500 |
| 001 |
126795 |
| 005 |
20231031132019.0 |
| 035 |
|
|
|a (RuTPU)RU\TPU\book\137160
|
| 090 |
|
|
|a 126795
|
| 100 |
|
|
|a 20071204d1965 km y0rusy50 ca
|
| 101 |
0 |
|
|a rus
|
| 102 |
|
|
|a RU
|
| 105 |
|
|
|a a z 001zy
|
| 200 |
1 |
|
|a Групповые молотовые штампы
|f В. С. Гоффеншефер
|
| 210 |
|
|
|a Москва
|c Машиностроение
|d 1965
|a Ленинград
|
| 215 |
|
|
|a 81 с.
|c ил.
|
| 320 |
|
|
|a Библиогр.: с. 83-84.
|
| 610 |
1 |
|
|a штамповка
|
| 610 |
1 |
|
|a металлы
|
| 610 |
1 |
|
|a молотовые штампы
|
| 610 |
1 |
|
|a групповые методы
|
| 610 |
1 |
|
|a конструкции
|
| 610 |
1 |
|
|a крепление
|
| 610 |
1 |
|
|a расчеты
|
| 675 |
|
|
|a 621.773.1
|v 3
|
| 700 |
|
1 |
|a Гоффеншефер
|b В. С.
|
| 801 |
|
1 |
|a RU
|b 63413507
|c 20071204
|g PSBO
|
| 801 |
|
2 |
|a RU
|b 63413507
|c 20080129
|g PSBO
|
| 942 |
|
|
|c BK
|